000 00632aam a2200241 4500
005 20260320154046.0
008 150717b1983 xxu||||| |||| 00| 0 spa d
041 _aESP
082 _a364.256 N322e
100 _aNavarro Solano, Sonia
_914311
245 _aEstigmatización, conducta desviada y victimización en una zona marginada
260 _aCosta Rica
260 _bIlanud
260 _c1983
300 _a135 páginas
490 _aInvestigación Criminal
650 _aCOSTA RICA
650 _aDESVIACIÓN
650 _aESTIGMATIZACIÓN
650 _aMARGINALIDAD
650 _aVICTIMIZACIÓN
942 _cBK
_2ddc
999 _c48
_d48